Sports Quiz

Random Sports or Tennis Quiz

ATP Year-End Top Spanish Players Quiz Stats

 Plays Quiz not verified by Sporcle

Challenge
Share
Tweet
Embed
Score 0/100 Timer 05:00
0 Plays Today
Year Player % Correct
2016Rafael Nadal
100%
2015Rafael Nadal
100%
2014Rafael Nadal
100%
2013Rafael Nadal
100%
2012Rafael Nadal
100%
2011Rafael Nadal
100%
2010Rafael Nadal
100%
2009Rafael Nadal
100%
2008Rafael Nadal
100%
2007Rafael Nadal
100%
2006Rafael Nadal
100%
2005Rafael Nadal
100%
2017Rafael Nadal
100%
2016David Ferrer
99.2%
2015David Ferrer
99.2%
2014David Ferrer
99.2%
2013David Ferrer
99.2%
2012David Ferrer
99.2%
2011David Ferrer
99.2%
2010David Ferrer
99.2%
2009David Ferrer
99.2%
2008David Ferrer
99.2%
2007David Ferrer
99.2%
2006David Ferrer
99.2%
2005David Ferrer
99.2%
2009Juan Carlos Ferrero
94.6%
2007Juan Carlos Ferrero
94.6%
2006Juan Carlos Ferrero
94.6%
2005Juan Carlos Ferrero
94.6%
2004Juan Carlos Ferrero
94.6%
2003Juan Carlos Ferrero
94.6%
2002Juan Carlos Ferrero
94.6%
2001Juan Carlos Ferrero
94.6%
2000Juan Carlos Ferrero
94.6%
Year Player % Correct
2007Carlos Moyá
93.5%
2005Carlos Moyá
93.5%
2004Carlos Moyá
93.5%
2003Carlos Moyá
93.5%
2002Carlos Moyá
93.5%
2001Carlos Moyá
93.5%
2000Carlos Moyá
93.5%
1999Carlos Moyá
93.5%
1998Carlos Moyá
93.5%
2017Fernando Verdasco
93.2%
2017Roberto Bautista Agut
93.2%
2012Fernando Verdasco
92.7%
2011Fernando Verdasco
92.7%
2010Fernando Verdasco
92.7%
2009Fernando Verdasco
92.7%
2008Fernando Verdasco
92.7%
2004Fernando Verdasco
92.7%
2016Feliciano López
90.4%
2015Feliciano López
90.4%
2015Guillermo García López
90.4%
2014Feliciano López
90.4%
2013Feliciano López
90.4%
2011Feliciano López
90.4%
2004Feliciano López
90.4%
2016Roberto Bautista Agut
87.7%
2015Roberto Bautista Agut
87.7%
2014Roberto Bautista Agut
87.7%
2017Pablo Carreño Busta
86.4%
2013Nicolás Almagro
85.4%
2012Nicolás Almagro
85.4%
2011Nicolás Almagro
85.4%
2010Nicolás Almagro
85.4%
2008Nicolás Almagro
85.4%
2006Nicolás Almagro
85.4%
Year Player % Correct
2014Tommy Robredo
79.3%
2013Tommy Robredo
79.3%
2009Tommy Robredo
79.3%
2008Tommy Robredo
79.3%
2007Tommy Robredo
79.3%
2006Tommy Robredo
79.3%
2005Tommy Robredo
79.3%
2004Tommy Robredo
79.3%
2003Tommy Robredo
79.3%
2002Tommy Robredo
79.3%
2001Tommy Robredo
79.3%
2003Albert Costa
76.2%
2002Albert Costa
76.2%
2001Albert Costa
76.2%
2000Albert Costa
76.2%
1999Albert Costa
76.2%
1998Albert Costa
76.2%
2000Àlex Corretja
73.9%
1999Àlex Corretja
73.9%
1998Àlex Corretja
73.9%
2017Albert Ramos Viñolas
70.5%
2016Albert Ramos Viñolas
66.3%
2012Marcel Granollers
61.7%
2003Félix Mantilla
46%
2002Félix Mantilla
46%
1999Félix Mantilla
46%
1998Félix Mantilla
46%
1998Alberto Berasategui
42.9%
2010Albert Montañés
42.5%
2001Albert Portas
24.1%
1999Francisco Clavet
23%
2000Fernando Vicente
18.4%

You're not logged in!

Compare scores with friends on all Sporcle quizzes.
OR
Log In

You Might Also Like...

Show Comments

Extras

Top Quizzes Today


Score Distribution

Your Account Isn't Verified!

In order to create a playlist on Sporcle, you need to verify the email address you used during registration. Go to your Sporcle Settings to finish the process.

Report this User

Report this user for behavior that violates our Community Guidelines.

Details: